ENFERMERIA MATERNAL (Registro nro. 51106)
[ vista simple ]
| 000 -LEADER | |
|---|---|
| fixed length control field | 01021nam a2200241 a 4500 |
| 001 - CONTROL NUMBER | |
| control field | 51106 |
| 005 - DATE AND TIME OF LATEST TRANSACTION | |
| control field | 20180714040429.0 |
| 008 - FIXED-LENGTH DATA ELEMENTS--GENERAL INFORMATION | |
| fixed length control field | 140415s1998 mx 000 0 spa d |
| 020 ## - INTERNATIONAL STANDARD BOOK NUMBER | |
| International Standard Book Number | 9701016475 |
| 041 ## - LANGUAGE CODE | |
| Language code of text/sound track or separate title | spa |
| 082 ## - DEWEY DECIMAL CLASSIFICATION NUMBER | |
| Classification number | 610.7362 |
| Item number | DID |
| 100 1# - MAIN ENTRY--PERSONAL NAME | |
| Personal name | DIDONA, NANCY A. |
| 245 10 - TITLE STATEMENT | |
| Title | ENFERMERIA MATERNAL |
| 250 ## - EDITION STATEMENT | |
| Edition statement | 1a ed. |
| 260 ## - PUBLICATION, DISTRIBUTION, ETC. | |
| Place of publication, distribution, etc. | MEXICO : |
| Name of publisher, distributor, etc. | MCGRAW-HILL INTERAMERICANA EDITORES, |
| Date of publication, distribution, etc. | 1998 |
| 300 ## - PHYSICAL DESCRIPTION | |
| Extent | 822 |
| Dimensions | 17.5 x 2.3 x 25.4 |
| 520 ## - SUMMARY, ETC. | |
| Summary, etc. | LA INSPIRACION PARA LA OBRA ENFERMERIA MATERNAL SURGIO DE LA NECESIDAD, MANIFESTADA POR LOS EDUCADORES DE ENFERMERIA PRACTICA, DE UN LIBRO DE TEXTO ACTUAL QUE REUNIERA CUALIDADES ESENCIALES, TALES COMO AMENIDAD DE ESTILO, BREVEDAD, FIABILIDAD Y ESTIMULACION POSITIVA PARA APRENDER |
| 650 14 - SUBJECT ADDED ENTRY--TOPICAL TERM | |
| Topical term or geographic name entry element | ENFERMERIA GINECOLOGICA |
| General subdivision | ENFERMERIA PEDIATRICA |
| 700 1# - ADDED ENTRY--PERSONAL NAME | |
| Personal name | VALLEDOR MARTINEZ, CARMEN |
| Relator term | tr. |
| 700 1# - ADDED ENTRY--PERSONAL NAME | |
| Personal name | SARLET GERKEN, ANNE MARIE |
| Relator term | pról. |
| 740 ## - ADDED ENTRY--UNCONTROLLED RELATED/ANALYTICAL TITLE | |
| Uncontrolled related/analytical title | INTRODUCTORY MATERNAL-NEWBORN NURSING |
| 700 1# - ADDED ENTRY--PERSONAL NAME | |
| Personal name | MARKS, MARGARET G. -KUMM, RHONDA |
| Relator term | coaut. |
| Withdrawn status | Lost status | Source of classification or shelving scheme | Damaged status | Not for loan | Collection code | Home library | Current library | Shelving location | Date acquired | Source of acquisition | Inventory number | Total Checkouts | Full call number | Barcode | Date last seen | Date last checked out | Price effective from | Koha item type |
|---|---|---|---|---|---|---|---|---|---|---|---|---|---|---|---|---|---|---|
| Dewey Decimal Classification | General | Biblioteca Karol Wojtyla | Biblioteca Karol Wojtyla | Sala general | 03/12/2013 | Compra | 151000000000000000010538 | 2 | 610.7362 DID | 76243 | 05/01/2026 | 21/11/2018 | 03/12/2013 | Libro |